<?xml version="1.0" encoding="UTF-8"?>
<collection xmlns="http://www.loc.gov/MARC21/slim">
<record>
  <controlfield tag="001">4209</controlfield>
  <controlfield tag="005">20190507102225.0</controlfield>
  <datafield tag="024" ind1="7" ind2=" ">
    <subfield code="a">10.1007/978-3-319-42928-1</subfield>
    <subfield code="2">DOI</subfield>
  </datafield>
  <datafield tag="037" ind1=" " ind2=" ">
    <subfield code="a">BKSECT-2019-0013</subfield>
  </datafield>
  <datafield tag="100" ind1=" " ind2=" ">
    <subfield code="a">Defraigne, Pascale</subfield>
  </datafield>
  <datafield tag="245" ind1=" " ind2=" ">
    <subfield code="a">GNSS Time and Frequency Transfer</subfield>
  </datafield>
  <datafield tag="260" ind1=" " ind2=" ">
    <subfield code="c">2017</subfield>
  </datafield>
  <datafield tag="300" ind1=" " ind2=" ">
    <subfield code="a">1327</subfield>
  </datafield>
  <datafield tag="520" ind1=" " ind2=" ">
    <subfield code="a">Time and Navigation are intimately linked and rely on each other. GNSS positioning is based on the measurement of time intervals needed by the signal to travel from the satellites to the receiving station on the Earth or nearby. The precision of GNSS positioning is reached thanks to atomic frequency standards onboard the satellites and the possibility to determine their synchronization differences at the sub-nanosecond level. Time is thereby the core of GNSS. Inversely GNSS is widely used for accurate time and frequency dissemination, as well as for the comparison of distant clocks as needed for time and frequency metrology. All these aspects of using GNSS for time/frequency applications will be presented in this chapter.</subfield>
  </datafield>
  <datafield tag="594" ind1=" " ind2=" ">
    <subfield code="a">NO</subfield>
  </datafield>
  <datafield tag="773" ind1=" " ind2=" ">
    <subfield code="t">Springer Handbook of Global Navigation Satellite Systems</subfield>
    <subfield code="b">Teunissen, Peter J.G., Montenbruck, Oliver </subfield>
    <subfield code="y">978-3-319-42928-1</subfield>
    <subfield code="c">1187-1206</subfield>
  </datafield>
  <datafield tag="856" ind1="0" ind2=" ">
    <subfield code="f">pascale.defraigne@observatoire.be</subfield>
  </datafield>
  <datafield tag="980" ind1=" " ind2=" ">
    <subfield code="a">BOOKSECT</subfield>
  </datafield>
</record>
</collection>